[Event "LSS SE-2009-0-00034"]
[Site "LSS email"]
[Date "2009.12.10"]
[Round "?"]
[White "Baticulon, Nestor"]
[Black "Juntunen, Juha"]
[Result "1-0"]
[WhiteElo "1333"]
[BlackElo "1291"]
[PlyCount "107"]
[EventDate "2009.09.30"]
[EventType "tourn (corr)"]
[EventRounds "6"]
[EventCountry "GER"]
[SourceTitle "Telechess CBM 137"]
[Source "ChessBase"]
[SourceDate "2010.07.15"]
[SourceVersion "1"]
[SourceVersionDate "2010.07.15"]
[SourceQuality "1"]

1. e4 e5 2. Nf3 Nc6 3. Bc4 Bc5 4. c3 Nf6 5. d4 exd4 6. e5 d5 7. Bb5 Ne4 8. cxd4 Bb6 9. 0-0 0-0 10. h3 f6 11. Nc3 fxe5 12. Bxc6 bxc6 13. Nxe5 Ba6 14. Ne2 Bxe2 15. Qxe2 Bxd4 16. Nxc6 Qf6 17. Nxd4 Qxd4 18. Be3 Qe5 19. Rad1 a5 20. Bd4 Qf4 21. Qb5 Qd6 22. Be3 c5 23. Qd3 Rad8 24. Qxe4 dxe4 25. Rxd6 Rxd6 26. Bxc5 Rd2 27. Bxf8 Kxf8 28. Rb1 Kf7 29. a3 a4 30. b3 axb3 31. Rxb3 Ke6 32. Rb4 Kf5 33. Rb5+ Kf4 34. Kf1 e3 35. Rb4+ Ke5 36. fxe3 Rd3 37. Ke2 Rxa3 38. Rb7 Kf6 39. Kf3 h5 40. h4 Rc3 41. Rb6+ Ke7 42. Kf4 Rc4+ 43. e4 Rc2 44. Rb7+ Kf8 45. g3 Re2 46. Rb5 g6 47. e5 Kg7 48. Kg5 Kf7 49. Rb7+ Ke6 50. Rb6+ Kxe5 51. Rxg6 Re3 52. Kxh5 Rf3 53. Kh6 Rd3 54. h5 1-0

[Event "LSS SE-2009-0-00034"]
[Site "LSS email"]
[Date "2009.12.10"]
[Round "?"]
[White "Juntunen, Juha"]
[Black "Babos, Istvan"]
[Result "1-0"]
[WhiteElo "1305"]
[BlackElo "1213"]
[PlyCount "59"]
[EventDate "2009.09.30"]
[EventType "tourn (corr)"]
[EventRounds "6"]
[EventCountry "GER"]
[SourceTitle "Telechess CBM 137"]
[Source "ChessBase"]
[SourceDate "2010.07.15"]
[SourceVersion "1"]
[SourceVersionDate "2010.07.15"]
[SourceQuality "1"]

1. e4 e5 2. Nf3 Nc6 3. Bb5 Nge7 4. 0-0 g6 5. c3 Bg7 6. d4 exd4 7. cxd4 a6 8. Ba4 0-0 9. d5 Na5 10. Nc3 c6 11. d6 Re8 12. dxe7 Qxe7 13. Re1 b5 14. Bg5 Qc5 15. Bb3 Nxb3 16. Qxb3 d6 17. Be3 Qh5 18. Ng5 Be6 19. Nxe6 Rxe6 20. f4 Bxc3 21. Qxc3 Rc8 22. Bf2 c5 23. Rad1 b4 24. Qc4 Ra8 25. Rd5 Qg4 26. Bg3 Rd8 27. Rg5 Qxg5 28. fxg5 d5 29. exd5 Rxe1+ 30. Bxe1 1-0

[Event "IECG CE.2006.0.00097 email"]
[Site "IECG email"]
[Date "2006.07.17"]
[Round "?"]
[White "Trevis, Robert R"]
[Black "Juntunen, Juha"]
[Result "1-0"]
[WhiteElo "1319"]
[BlackElo "1285"]
[PlyCount "50"]
[EventDate "2006.07.17"]
[EventType "tourn (corr)"]
[EventRounds "6"]
[SourceTitle "Corr 2008"]
[Source "ChessBase"]
[SourceDate "2008.06.24"]
[SourceVersion "1"]
[SourceVersionDate "2008.06.24"]
[SourceQuality "1"]

1. e4 e5 2. Nf3 Nf6 3. Nxe5 Qe7 4. d4 d6 5. Bb5+ c6 6. Nxf7 Qxe4+ 7. Be3 Kxf7 8. Bf1 Bf5 9. c4 Ng4 10. Nc3 Nxe3 11. fxe3 Qxe3+ 12. Be2 Be7 13. Rf1 Kg6 14. a3 Bg5 15. g3 Na6 16. d5 Nc5 17. Rxf5 Kxf5 18. dxc6 Qg1+ 19. Bf1 Rae8+ 20. Ne2 Rhf8 21. Qxd6 Rxe2+ 22. Kxe2 Re8+ 23. Kd1 Qxf1+ 24. Kc2 Qxc4+ 25. Kb1 Re1+ 1-0

[Event "IECG CE.2004.0.00067 email"]
[Site "IECG email"]
[Date "2004.02.01"]
[Round "?"]
[White "Wight, David"]
[Black "Juntunen, Juha"]
[Result "1/2-1/2"]
[WhiteElo "1290"]
[BlackElo "1281"]
[PlyCount "41"]
[EventDate "2004.02.01"]
[EventType "tourn (corr)"]
[EventRounds "6"]
[SourceTitle "Corr 2008"]
[Source "ChessBase"]
[SourceDate "2008.06.24"]
[SourceVersion "1"]
[SourceVersionDate "2008.06.24"]
[SourceQuality "1"]

1. d4 d5 2. e4 dxe4 3. Nc3 Nf6 4. f3 e6 5. fxe4 Bb4 6. Bd3 c5 7. a3 Bxc3+ 8. bxc3 Nxe4 9. Ne2 f5 10. Bxe4 fxe4 11. 0-0 Rf8 12. Rxf8+ Kxf8 13. Ng3 cxd4 14. cxd4 Nc6 15. Be3 Qd5 16. Qf1+ Kg8 17. c4 Qd7 18. Qf2 b6 19. Nxe4 Ba6 20. Qg3 Rf8 21. Qd6 1/2-1/2

[Event "IECG CF.2001.0.00006 email"]
[Site "IECG email"]
[Date "2001.06.26"]
[Round "?"]
[White "Fischer, Robert"]
[Black "Juntunen, Juha"]
[Result "1-0"]
[WhiteElo "1094"]
[BlackElo "1180"]
[PlyCount "129"]
[EventDate "2001.06.26"]
[EventType "tourn (corr)"]
[EventRounds "6"]
[SourceTitle "Corr 2008"]
[Source "ChessBase"]
[SourceDate "2008.06.24"]
[SourceVersion "1"]
[SourceVersionDate "2008.06.24"]
[SourceQuality "1"]

1. e4 e5 2. Nf3 Nf6 3. Nxe5 d6 4. Nf3 Nxe4 5. d4 Bg4 6. Bd3 d5 7. h3 Bf5 8. 0-0 Be7 9. Ne5 Nd7 10. Bf4 Bd6 11. Bxe4 dxe4 12. Nc3 0-0 13. Qh5 Bg6 14. Nxg6 hxg6 15. Qg5 Qxg5 16. Bxg5 f6 17. Be3 f5 18. Nb5 a6 19. Nxd6 cxd6 20. c4 f4 21. Bd2 Rae8 22. Bb4 Rf6 23. b3 Kf7 24. Rfe1 e3 25. Rac1 b6 26. fxe3 fxe3 27. Rc3 e2 28. Rc2 a5 29. Ba3 Rfe6 30. d5 Rf6 31. Rcxe2 Rxe2 32. Rxe2 g5 33. Rf2 Ke7 34. Re2+ Kf7 35. Bc1 Rg6 36. Kh2 a4 37. bxa4 Ne5 38. a5 bxa5 39. c5 Nd7 40. c6 Nb6 41. c7 Nc8 42. Bb2 Rh6 43. Rf2+ Ke8 44. Bxg7 Rh7 45. Rf8+ Kd7 46. Bc3 Kxc7 47. Bxa5+ Kb7 48. Rg8 Ka6 49. Rxc8 Kxa5 50. Kg3 Ra7 51. Rg8 Kb5 52. Rxg5 Ra3+ 53. Kg4 Rxa2 54. g3 Kc5 55. Kh5 Kd4 56. h4 Ke4 57. Kg6 Ra8 58. h5 Rg8+ 59. Kh6 Rc8 60. Kg7 Rc7+ 61. Kg6 Rc8 62. h6 Rg8+ 63. Kf6 Rf8+ 64. Kg7 Rc8 65. h7 1-0

[Event "IECG C3.2001.0.00172"]
[Site "IECG email"]
[Date "2001.01.31"]
[Round "?"]
[White "Jimenez Haertel, Walter"]
[Black "Juntunen, Juha"]
[Result "1/2-1/2"]
[WhiteElo "1164"]
[BlackElo "1149"]
[PlyCount "69"]
[EventDate "2001.01.31"]
[EventType "tourn (corr)"]
[EventRounds "6"]
[SourceTitle "Corr 2008"]
[Source "ChessBase"]
[SourceDate "2008.06.24"]
[SourceVersion "1"]
[SourceVersionDate "2008.06.24"]
[SourceQuality "1"]

1. e4 e6 2. d4 d5 3. Nd2 c5 4. Ngf3 cxd4 5. exd5 Qxd5 6. Bc4 Qc5 7. Qe2 Nc6 8. Nb3 Qd6 9. 0-0 a6 10. Rd1 b5 11. Bd3 Bb7 12. Be4 Nf6 13. Nbxd4 Nxe4 14. Qxe4 Nxd4 15. Qxd4 Rd8 16. Qxd6 Bxd6 17. Nd4 0-0 18. Be3 Bc7 19. Nb3 Rxd1+ 20. Rxd1 Bc6 21. Nc5 a5 22. Nb3 e5 23. Bc5 Rd8 24. Rxd8+ Bxd8 25. Bd6 f6 26. Nd2 Kf7 27. f3 Bb6+ 28. Kf1 Ke6 29. Bf8 g5 30. Ne4 g4 31. Ke2 f5 32. Bc5 fxe4 33. Bxb6 exf3+ 34. gxf3 gxf3+ 35. Ke3 1/2-1/2

[Event "IECG C3.2001.0.00172"]
[Site "IECG email"]
[Date "2001.01.31"]
[Round "?"]
[White "Juntunen, Juha"]
[Black "Lizarraga, Ignacio"]
[Result "1/2-1/2"]
[WhiteElo "1149"]
[BlackElo "1117"]
[PlyCount "57"]
[EventDate "2001.01.31"]
[EventType "tourn (corr)"]
[EventRounds "6"]
[SourceTitle "Corr 2008"]
[Source "ChessBase"]
[SourceDate "2008.06.24"]
[SourceVersion "1"]
[SourceVersionDate "2008.06.24"]
[SourceQuality "1"]

1. e4 e5 2. Nf3 Nc6 3. Bb5 a6 4. Ba4 Nf6 5. d3 b5 6. Bb3 Be7 7. 0-0 0-0 8. a4 Bb7 9. axb5 axb5 10. Rxa8 Qxa8 11. Nc3 b4 12. Nd5 Nxd5 13. Bxd5 Nd4 14. Nxd4 exd4 15. Bxb7 Qxb7 16. Qg4 d6 17. Bf4 c5 18. e5 dxe5 19. Bxe5 g6 20. Qh3 Qd5 21. Re1 Ra8 22. Kf1 Bf8 23. Qh4 Bg7 24. Qe7 b3 25. Bxg7 Kxg7 26. cxb3 Qxb3 27. Qe5+ Kg8 28. Qe2 Kg7 29. Qe5+ 1/2-1/2

[Event "IECG C3.2000.0.00157"]
[Site "IECG email"]
[Date "2000.09.18"]
[Round "?"]
[White "Herker, Christian"]
[Black "Juntunen, Juha"]
[Result "0-1"]
[WhiteElo "1283"]
[BlackElo "1131"]
[PlyCount "64"]
[EventDate "2000.09.18"]
[EventType "tourn (corr)"]
[EventRounds "6"]
[SourceTitle "Corr 2008"]
[Source "ChessBase"]
[SourceDate "2008.06.24"]
[SourceVersion "1"]
[SourceVersionDate "2008.06.24"]
[SourceQuality "1"]

1. e4 e5 2. f4 d5 3. exd5 exf4 4. Nf3 Qxd5 5. Nc3 Qe6+ 6. Qe2 Nc6 7. Qxe6+ Bxe6 8. Bb5 Nge7 9. Ne5 0-0-0 10. Nxc6 Nxc6 11. Bxc6 bxc6 12. d3 Bd6 13. Bd2 f5 14. 0-0-0 g5 15. Rdf1 h6 16. a3 Rde8 17. h4 Bf7 18. h5 Re5 19. d4 Re7 20. Re1 Rhe8 21. Rxe7 Bxe7 22. Nd1 Bd5 23. Rg1 Bf6 24. c3 Re2 25. g3 fxg3 26. Rxg3 f4 27. Rg1 Kd7 28. Rf1 Ke6 29. Nf2 Kf5 30. Nd3 Bg2 31. Rf2 Rxf2 32. Nxf2 Bf3 0-1

[Event "IECG C3.2000.0.00145"]
[Site "IECG email"]
[Date "2000.07.02"]
[Round "?"]
[White "Nittschalk, Karl"]
[Black "Juntunen, Juha"]
[Result "1/2-1/2"]
[WhiteElo "1123"]
[BlackElo "1092"]
[PlyCount "87"]
[EventDate "2000.07.02"]
[EventType "tourn (corr)"]
[EventRounds "6"]
[SourceTitle "Corr 2008"]
[Source "ChessBase"]
[SourceDate "2008.06.24"]
[SourceVersion "1"]
[SourceVersionDate "2008.06.24"]
[SourceQuality "1"]

1. e4 e5 2. f4 exf4 3. Nf3 Nf6 4. e5 Nh5 5. Be2 d6 6. 0-0 dxe5 7. Nxe5 Qd4+ 8. Kh1 Nf6 9. Nf3 Qd6 10. Nc3 Nc6 11. d3 Ne7 12. Ng5 Ned5 13. Nxd5 Nxd5 14. c4 Qh6 15. cxd5 Qxg5 16. Qa4+ Bd7 17. Qe4+ Qe7 18. Bxf4 c6 19. Bf3 Qxe4 20. dxe4 cxd5 21. exd5 Rc8 22. Bh5 Be7 23. Rae1 Kd8 24. Bxf7 Rf8 25. d6 Bh4 26. Bh5 Rf5 27. Bg4 Bxe1 28. Bxf5 Bxf5 29. Rxe1 Rc4 30. Be5 g6 31. Kg1 Re4 32. Rxe4 Bxe4 33. Kf2 Kd7 34. g4 Bd5 35. b3 Ke6 36. Bf4 h5 37. gxh5 gxh5 38. Ke3 Bc6 39. Kd4 h4 40. Be5 a6 41. b4 b6 42. a3 h3 43. Bg3 Kf5 44. Be5 1/2-1/2

[Event "IECG C3.2000.0.00134"]
[Site "IECG email"]
[Date "2000.04.03"]
[Round "?"]
[White "Popp, Tony"]
[Black "Juntunen, Juha"]
[Result "0-1"]
[WhiteElo "1262"]
[BlackElo "1111"]
[PlyCount "132"]
[EventDate "2000.04.03"]
[EventType "tourn (corr)"]
[EventRounds "6"]
[SourceTitle "Corr 2008"]
[Source "ChessBase"]
[SourceDate "2008.06.24"]
[SourceVersion "1"]
[SourceVersionDate "2008.06.24"]
[SourceQuality "1"]

1. Nc3 d5 2. e3 Nf6 3. f4 Bf5 4. Nf3 e6 5. Ne2 Nc6 6. Ng3 Bg4 7. h3 Bxf3 8. Qxf3 a6 9. c3 Bd6 10. d4 Ne7 11. Bd3 c6 12. 0-0 Qc7 13. Bd2 Qb6 14. b4 a5 15. a3 0-0 16. e4 Bc7 17. e5 Nd7 18. Qh5 h6 19. Kh1 f5 20. Ne2 Rfd8 21. g4 axb4 22. axb4 Nf8 23. gxf5 Nxf5 24. Bxf5 exf5 25. Qxf5 Qb5 26. Qg4 Qd3 27. Rad1 Qe4+ 28. Qf3 Qf5 29. Rg1 Ra2 30. Qg4 Qxg4 31. Rxg4 h5 32. Rg2 Rda8 33. Ng3 g6 34. Nxh5 Kf7 35. Nf6 Bd8 36. Ng4 Ke6 37. Ne3 Bh4 38. Be1 Bxe1 39. Rxe1 R2a3 40. Rc2 Rb3 41. Kg2 Raa3 42. Rec1 Nd7 43. Kg3 Ra8 44. Kg4 Rba3 45. h4 Rh8 46. Rb2 Nb6 47. Rf2 Na4 48. Nd1 Nb6 49. Nb2 Nc8 50. Nd3 b6 51. f5+ gxf5+ 52. Rxf5 Rxh4+ 53. Kg5 Rh5+ 54. Kxh5 Kxf5 55. Nf2 c5 56. bxc5 bxc5 57. Kh4 Ne7 58. dxc5 Ng6+ 59. Kh5 Ra7 60. Ng4 Nf4+ 61. Kh6 Kxg4 62. Rg1+ Kf5 63. Rb1 Rc7 64. Rb5 Ne6 65. c6 Ng5 66. Rxd5 Rh7# 0-1

[Event "IECG WC.2003.P.00012 email"]
[Site "IECG email"]
[Date "2000.??.??"]
[Round "?"]
[White "Juntunen, Juha"]
[Black "Drysdale, Bryan R"]
[Result "0-1"]
[WhiteElo "1036"]
[BlackElo "2070"]
[PlyCount "60"]
[EventDate "2000.01.26"]
[EventType "tourn (corr)"]
[EventRounds "10"]
[SourceTitle "Corr 2008"]
[Source "ChessBase"]
[SourceDate "2008.06.24"]
[SourceVersion "1"]
[SourceVersionDate "2008.06.24"]
[SourceQuality "1"]

1. e4 d5 2. exd5 Nf6 3. d4 Bg4 4. f3 Bf5 5. c4 e6 6. Qb3 exd5 7. Qxb7 Nbd7 8. Nc3 Nb6 9. cxd5 Bb4 10. Bb5+ Kf8 11. d6 cxd6 12. Bg5 Rc8 13. Bxf6 gxf6 14. a3 Rc7 15. Qxc7 Qxc7 16. axb4 Rg8 17. g3 Qb7 18. Ra5 Nd5 19. Nxd5 Qxd5 20. Be2 Qe6 21. Kf1 Kg7 22. Rxa7 Qb3 23. b5 Re8 24. g4 Bd3 25. Bxd3 Qxd3+ 26. Kg2 Qd2+ 27. Kg3 Qe1+ 28. Kh3 h5 29. Kg2 Rc8 30. gxh5 Rc2+ 0-1

[Event "IECG C3.1999.0.00120"]
[Site "IECG email"]
[Date "1999.11.15"]
[Round "?"]
[White "Mujica, Hector"]
[Black "Juntunen, Juha"]
[Result "0-1"]
[WhiteElo "1354"]
[BlackElo "1006"]
[PlyCount "88"]
[EventDate "1999.11.15"]
[EventType "tourn (corr)"]
[EventRounds "6"]
[SourceTitle "Corr 2008"]
[Source "ChessBase"]
[SourceDate "2008.06.24"]
[SourceVersion "1"]
[SourceVersionDate "2008.06.24"]
[SourceQuality "1"]

1. e4 e5 2. Nf3 Nf6 3. Nxe5 d6 4. Nf3 Nxe4 5. d4 d5 6. Bd3 Bd6 7. 0-0 0-0 8. c4 c6 9. Qc2 f5 10. c5 Bc7 11. Re1 b6 12. Be3 bxc5 13. dxc5 Ba6 14. Bxa6 Nxa6 15. Nbd2 Nb4 16. Qb3 a5 17. Rad1 Rb8 18. Bd4 Bf4 19. Nf1 Rb5 20. Bxg7 Na6 21. Qa3 Kxg7 22. Nd4 Qb8 23. Nxc6 Qe8 24. Nd4 Rxc5 25. f3 Qg6 26. fxe4 fxe4 27. Qh3 Nc7 28. Ne3 Kh8 29. Rf1 Qg5 30. Nef5 Rf6 31. Rf2 Nb5 32. Kf1 Nxd4 33. Nxd4 Be5 34. Rxf6 Qxf6+ 35. Nf5 Qg5 36. Ne3 Bxb2 37. Qf5 Qxf5+ 38. Nxf5 d4 39. Ng3 e3 40. Ke1 Kg7 41. Ne2 Bc3+ 42. Kf1 Rf5+ 43. Kg1 Rf2 44. Nxd4 e2 0-1

[Event "IECG CP.1999.P.00047"]
[Site "IECG email"]
[Date "1999.10.01"]
[Round "?"]
[White "Knapczyk, Marek"]
[Black "Juntunen, Juha"]
[Result "0-1"]
[WhiteElo "800"]
[BlackElo "1006"]
[PlyCount "54"]
[EventDate "1999.10.01"]
[EventType "tourn (corr)"]
[EventRounds "6"]
[EventCountry "GER"]
[SourceTitle "Corr 2008"]
[Source "ChessBase"]
[SourceDate "2008.06.24"]
[SourceVersion "1"]
[SourceVersionDate "2008.06.24"]
[SourceQuality "1"]

1. c4 e5 2. Nc3 Nf6 3. g3 Bb4 4. Bg2 0-0 5. Nf3 d6 6. 0-0 Nc6 7. d3 Bg4 8. Bd2 Re8 9. h3 Bf5 10. e4 Be6 11. Nd5 Bxd2 12. Qxd2 h6 13. a3 a6 14. b4 Nb8 15. a4 c6 16. Ne3 a5 17. Rfb1 Na6 18. b5 Nc5 19. g4 cxb5 20. axb5 a4 21. Qc2 h5 22. g5 Nh7 23. h4 f6 24. gxf6 Qxf6 25. Ra3 Nf8 26. Ng5 Ng6 27. Qd1 Rf8 0-1